| 000 | 005920000a22002290004500 | ||
|---|---|---|---|
| 005 | 20120302055250.0 | ||
| 942 | _cBOOK | ||
| 100 | _a Todamal,Ha.Ki. | ||
| 245 | _a Arwaachina Marathitila Khanda Kaavye (1850-1950) | ||
| 250 | _a 2 | ||
| 260 | _aPune:Continental Prakaashan,1974. | ||
| 300 | _a382p. | ||
| 040 | _aMAR | ||
| 365 | _b25/- | ||
| 650 | _aKaavya | ||
| 650 | _aKhanda Kaavya | ||
| 650 | _aArwaachina Marathi Khanda Kaavya | ||
| 650 | _aSwaroop-Vyaapti | ||
| 650 | _aVishaya-Khandakaavya | ||
| 650 | _aKaavya Rachanaa | ||
| 650 | _aPauraanika-Itihaasika Khanda Kaavya | ||
| 999 |
_c347938 _d347935 |
||